00588nam a22002057a 4500003000400000008004100004020001800045082001800063100002600081245005300107260003700160300001100197365001600208650003200224650003000256650002100286650003400307700002100341700002000362OSt260625b |||||||| |||| 00| 0 eng d a9789391734060 a677.022bS61V aSingh, Saroj S. Jeet  aVastro ki Drafting TaknikcSingh, Saroj S. Jeet  aNew DelhibTTPP, New Delhic2023 a133 p. e495.00, INR aDressmaking Pattern design. aTailoring Pattern design. aGarment cutting. aClothing and dress Technique. aParuthi, Neelam  aRose, Neelam M